Dexter Morgan's Kills - Statistics

General Stats
  • This quiz has been taken 8 times
  • The average score is 15 of 132
Answer Stats
Media/Episode Fit Harry's Code? Other(s) Involved Description Answer % Correct
Dexter S3E11 "I Had a Dream" None Strangled to death by Dexter Morgan with a garrote and shoulder partially flayed to frame his death on Jorge Orozco/George Washington King. Assistant District Attorney {Miguel Luis Prado}
71%
Dexter S4E12 "The Getaway" None Head impaled by Dexter Morgan with a hammer's claw off-camera, body bags shown. Arthur Mitchell
57%
Dexter S1E12 "Born Free" None Throat slit by Dexter Morgan with a scalpel, made to look like a suicide. {Brian Moser}/Dr. {Rudy Cooper}
57%
Dexter S2E12 "The British Invasion" None Injected with a spinal epidural and stabbed in the chest by Dexter Morgan with a knife. {Lila West}/{Lila Tournay}
57%
Dexter S3E2 "Finding Freebo" X None Stabbed in the chest by Dexter Morgan with his own knife in self-defense. Oscar Prado
57%
Dexter S6E12 "This is the Way the World Ends" None Stabbed in the chest by Dexter Morgan with a knife. Travis Marshall
57%
Dexter S7E12 "Surprise, Motherfucker!" Debra L. "Deb" Morgan Shot in the chest by Debra L. "Deb" Morgan with a pistol to protect Dexter Morgan's secret after Dexter Morgan had set her up and planned on killing her himself, made to look like Hector Estrada killed her. Captain {María Esperanza di Alma LaGuerta}
43%
Dexter S2E12 "The British Invasion" X Lila West/Lila Tournay Blown up in a house explosion set off by Lila West/Lila Tournay, after Dexter Morgan had trapped him there. Detective Sergeant {James Doakes}
43%
Dexter S7E12 "Surprise, Motherfucker!" None Stabbed in the chest by Dexter Morgan with a knife, made to look like María Esperanza di Alma LaGuerta killed him. Hector Estrada
43%
Dexter S8E12 "Remember the Monsters?" X Daniel Vogel/Oliver Saxon Life support pulled by Dexter Morgan as a mercy kill after being shot in the abdomen by Daniel Vogel/Oliver Saxon. Lieutenant {Debra L. "Deb" Morgan}
43%
Dexter S2E8 "Morning Comes" None Decapitated by Dexter Morgan with a chainsaw off-camera, screams heard, blood and body shown. Santos Jimenez
43%
Dexter S3E7 "Easy As Pie" X Herself Committed suicide by willingly eating key lime pie poisoned by Dexter Morgan with sodium pentothal as a mercy killing on her request due to no longer wanting to live with her lung cancer. Camilla Figg
29%
Original Sin E10 "Code Blues" None Hacked in the throat by Dexter Morgan with a kukri. Captain {Aaron Spencer}
29%
Dexter S5E8 "Take It!" None Stabbed in the chest by Dexter Morgan with a knife. Cole Harmon
29%
Dexter S8E12 "Remember the Monsters?" None Stabbed in the neck by Dexter Morgan with a pen. {Daniel Vogel}/{Oliver Saxon}
29%
Dexter S5E6 "Everything is Illumenated" Lumen Pierce Neck snapped by Dexter Morgan after being shot in the stomach by Lumen Pierce with a revolver off-screen, made to look like Lance Robinson killed him. Dr. {Dan Mendell}
29%
Dexter S2E10 "There's Something About Harry" None Killed by Dexter Morgan in an unknown manner off-screen, shown in a slideshow. George Hoss
29%
Dexter S3E12 "Do You Take Dexter Morgan?" None Neck snapped by Dexter Morgan in self-defense, made to look like a suicide. {Jorge Orozco}/{George Washington King}
29%
Dexter S1E1 "Dexter" None Neck slashed by Dexter Morgan with a surgical handsaw. Michael "Mike" Donovan
29%
Dexter S1E3 "Popping Cherry" Harrison "Harry" Morgan Stabbed six times in the stomach by Dexter Morgan with a knife on the orders of Harrison "Harry" Morgan, shown in a flashback/portrayed differently in Original Sin E1 "And in the Beginning...". Nurse {Mary}
29%
Dexter S2E4 "See-Through" None Killed by Dexter Morgan in an unknown manner off-screen, body shown. Oscar Sota
29%
Resurrection S1E3 "Backseat Driver" None Stabbed in the chest by Dexter Morgan with a knife. Ronald "Red" Schmidt
29%
Dexter S8E3 "What's Eating Dexter Morgan?" None Stabbed in the chest by Dexter Morgan with a knife off-camera. Ron Galuzzo
29%
Dexter S8E5 "This Little Piggy" None Impaled through the back by Dexter Morgan with a curtain pole in order to save Evelyn Vogel. Albert Julian "A.J." Yates
14%
Early Cuts, Dexter S1E6 "Return to Sender" None Stabbed in the chest by Dexter Morgan with a knife. Alexander "Alex" Timmons
14%
Dexter S5E10 "In the Beginning" Lumen Pierce Stabbed in the chest by Lumen Pierce with a knife, on the orders of Dexter Morgan. Alex Tilden
14%
Dexter S2E2 "Waiting to Exhale" None Stabbed through the chest by Dexter Morgan with a machete. Alfonso "Little Chino" Concepcion
14%
Dexter S8E1 "A Beautiful Day" X<✓ None Stabbed in the chest by Dexter Morgan with a knife in self-defense. Andrew Briggs
14%
Dexter S6E1 "Those Kinds of Things" None Heart stopped by Dexter Morgan with defibrillators. Ben
14%
Dexter S6E11 "Talk to the Hand" Herself + Travis Marshall Inhaled toxic gas after releasing it from the Wormwood canister, under influence from Travis Marshall, and being pushed and locked inside of a room by Dexter Morgan. Beth Dorsey
14%
Dexter S5E3 "Practically Perfect" None Stabbed in the chest by Dexter Morgan with a knife. Boyd Fowler
14%
Dexter S1E1 "Dexter" X None Killed by Dexter Morgan in an unknown manner off-screen, mentioned in a flashback. {Buddy} (Dog)
14%
Dexter S3E1 "Our Father" None Decapitated by Dexter Morgan with a meat cleaver off-screen, shown in a flashback. Cal Rooney
14%
Dexter S7E5 "Swim Deep" None Killed by Dexter Morgan in an unknown manner off-screen, body shown in a picture. Christopher James
14%
Dexter S3E6 "Sì Se Puede" Miguel Luis Prado Stabbed in the chest by Dexter Morgan with a knife, after Miguel Luis Prado had set him up. Clemson Galt
14%
Dexter S7E10 "The Dark... Whatever" X None Stabbed in the chest by Dexter Morgan with a knife. Clint McKay
14%
Dexter S1E8 "Shrink Wrap" None Neck slashed by Dexter Morgan with surgical hand saw off-camera, blood shown. Dr. {Emmett Meridian}
14%
New Blood E8 "Unfair Game" X<✓ None Stabbed in the chest by Dexter Morgan with a knife. Elric Kane
14%
Dexter S2E11 "Left Turn Ahead" X<✓ None Beaten to death by Dexter Morgan in self-defense off-camera, thumping heard. Esteban Famosa
14%
Dexter S5E12 "The Big One" Lumen Pierce Stabbed in the chest by Lumen Pierce with a knife on the orders of Dexter Morgan. {Eugene Greer}/{Jordan Chase}
14%
Resurrection S1E7 "Course Correction" None Stabbed in the neck by Dexter Morgan with a broken wine glass. {Gareth Pike} (1)
14%
Resurrection S1E6 "Cats and Mouse" None Stabbed in the chest by Dexter Morgan with a knife. {Gareth Pike} (2)
14%
Early Cuts, Dexter S1E6 "Return to Sender" None Throat slashed with a utility knife, head beaten with a flashlight, and crushed by Dexter Morgan with a car. Gene Marshall
14%
Dexter S2E3 "An Inconvenient Lie" None Stabbed in the chest by Dexter Morgan with a knife. Hoogen "Roger" Hicks
14%
Dexter S1E1 "Dexter" None Decapitated by Dexter Morgan with a meat cleaver. Jamie Jaworski
14%
Dexter S6E1 "Those Kinds of Things" None Stabbed in the chest with a knife after being hit in the face by Dexter Morgan with a sledgehammer. Joseph "Joe" Walker
14%
New Blood E9 "The Family Business" Harrison Morgan Stabbed in the chest by Dexter Morgan with a knife, after Harrison Morgan had helped capture him. Kurt Caldwell
14%
Resurrection S1E10 "And Justice for All..." Harrison Morgan Stabbed in the chest by Dexter Morgan with a knife, after Harrison Morgan helped Dexter Morgan capture him. Leon Prater
14%
Resurrection S1E4 "Call Me Red" None Stabbed in the chest by Dexter Morgan with a knife. Lowell Sloane
14%
Dexter S1E2 "Crocodile" None Stabbed in the chest by Dexter Morgan with a knife. Matthew "Matt" Chambers
14%
New Blood E1 "Cold Snap" None Stabbed in the chest by Dexter Morgan with a knife. Matthew Stern "Matt" Caldwell
14%
Dexter S5E1 "My Bad" None Killed by Dexter Morgan in an unknown manner off-screen, shown on a computer. Matt Parker
14%
Dexter S5E1 "My Bad" None Killed by Dexter Morgan in an unknown manner off-screen, shown on a computer. Michael Rose
14%
Dexter S6E6 "Just Let Go" None Drowned in the ocean by Dexter Morgan in a fit of rage. Nick
14%
Dexter S4E4 "Dex Takes a Holiday" None Stabbed in the chest by Dexter Morgan with a knife. Officer {Zoey Kruger}
14%
Dexter S7E9 "Helter Skelter" Isaak Sirko Stabbed in the back by Dexter Morgan with a knife on the orders of Isaak Sirko. Oleg Mickic
14%
Dexter S5E1 "My Bad" ? None Head bashed in by Dexter Morgan with a folding anchor. Rankin
14%
Dexter S7E4 "Run" None Stabbed in the chest by Dexter Morgan with a stake. Raymond "Ray" Speltzer
14%
Dexter S6E1 "Those Kinds of Things" None Heart stopped by Dexter Morgan with defibrillators. Roger
14%
New Blood E10 "Sins of the Father" X None Neck accidentally snapped by Dexter Morgan. Sergeant {Logan}
14%
Dexter S6E10 "Ricochet Rabbit" None Stabbed in the chest by Dexter Morgan with a knife. Steven "Steve" Dorsey
14%
Dexter S2E11 "Left Turn Ahead" X<✓ James Doakes Shot in the chest by Dexter Morgan with a pistol in self-defense with the help of James Doakes. Teo Famosa
14%
Dexter S7E1 "Are You...?" None Head bludgeoned by Dexter Morgan with a fire extinguisher. Viktor Baskov
14%
Dexter S6E3 "Smokey and the Bandit" None Smothered to death by Dexter Morgan with a pillow, made to look like a heart attack. Walter Kenney
14%
Dexter S7E12 "Surprise, Motherfucker!" None Killed by Dexter Morgan in an unknown manner off-screen, implied. Walter Munro
14%
Dexter S5E1 "My Bad" None Killed by Dexter Morgan in an unknown manner off-screen, shown on a computer. Adam Rowe
0%
Dexter S2E10 "There's Something About Harry" None Killed by Dexter Morgan in an unknown manner off-screen, mugshot and blood slide shown. Alan Elson
0%
Dexter S2E10 "There's Something About Harry" None Killed by Dexter Morgan in an unknown manner off-screen, mugshot and blood slide shown. Alan Matherson
0%
Dexter S6E12 "This is the Way the World Ends" X<✓ None Impaled through the stomach by Dexter Morgan with a harpoon in self-defense. Alberto
0%
Dexter S5E1 "My Bad" None Killed by Dexter Morgan in an unknown manner off-screen, shown on a computer. Alfred Norris
0%
Dexter S2E10 "There's Something About Harry" None Killed by Dexter Morgan in an unknown manner off-screen, mugshot and blood slide shown. Andy Jorgen
0%
Original Sin E4 "Fender Bender" Evan + Harrison "Harry" Morgan Accidentally ran over by Evan with a truck while being chased by Dexter Morgan on the orders of Harrison "Harry" Morgan. Anthony "Mad-Dog" Moretti
0%
Dexter S2E8 "Morning Comes" None Sawed by Dexter Morgan with a cordless reciprocating saw off-screen, mentioned. Anthony Rodrigo
0%
Dexter S4E1 "Living the Dream" None Stabbed in the chest by Dexter Morgan with a knife. Benito "Benny" Gomez
0%
Dexter S7E9 "Helter Skelter" Isaak Sirko Shot five times in the chest by Isaak Sirko with a silenced pistol after being lured into a trap by Dexter Morgan. Benjamin Caffrey
0%
Dexter S2E10 "There's Something About Harry" None Killed by Dexter Morgan in an unknown manner off-screen, shown on a slideshow. Berry Cooper
0%
Dexter S2E10 "There's Something About Harry" None Killed by Dexter Morgan in an unknown manner off-screen, mugshot and blood slide shown. Buck Forester
0%
Dexter S2E10 "There's Something About Harry" None Killed by Dexter Morgan in an unknown manner off-screen, blood slide shown. Carlos Gutierrez
0%
Dexter S2E10 "There's Something About Harry" None Killed by Dexter Morgan in an unknown manner off-screen, shown on an erase board. Chad Carpenter
0%
Early Cuts, Dexter S1E6 "Return to Sender" None Cut in half by Dexter Morgan with a chainsaw. Cindy Landon
0%
Early Cuts None Decapitated by Dexter Morgan with a hacksaw. Coleman Lindquist
0%
Early Cuts None Stabbed in the chest by Dexter Morgan with a knife Dr. {Robert "Bobby" Milson}
0%
Dexter S2E4 "See-Through" None Killed by Dexter Morgan in an unknown manner off-screen, body shown. Dylan Maddock
0%
Dexter S3E5 "Turning Biminese" None Stabbed in the chest by Dexter Morgan with a knife. Ethan Turner
0%
Dexter S2E10 "There's Something About Harry" None Killed by Dexter Morgan in an unknown manner off-screen, shown in a slideshow. Fowls
0%
Original Sin E3 "Miami Vice" Harrison "Harry" Morgan Decapitated by Dexter Morgan with a machete off-screen on the orders of Harrison "Harry" Morgan, blood splatter and body shown. "Handsome" Tony Ferrer
0%
Dexter S2E10 "There's Something About Harry" None Killed by Dexter Morgan in an unknown manner off-screen, blood slide shown. Henry Vortman
0%
Dexter S2E10 "There's Something About Harry" None Killed by Dexter Morgan in an unknown manner off-screen, body shown. Herbert Washington
0%
Dexter S2E10 "There's Something About Harry" None Killed by Dexter Morgan in an unknown manner off-screen, body shown. Jacob Wilson
0%
New Blood E5 "Runaway" None Died of a fentanyl overdose after Dexter Morgan forced the substance into his nose. Jasper Hodge
0%
Dexter S2E10 "There's Something About Harry" None Killed by Dexter Morgan in an unknown manner off-screen, shown on a blackboard. Jeff Linder
0%
Dexter S2E10 "There's Something About Harry" None Killed by Dexter Morgan in an unknown manner off-screen, body shown. Jerry Voltic
0%
Dexter S4E7 "Slack Tide" X None Decapitated by Dexter Morgan with a cleaver off-camera, blood and body bags shown, thinking that he committed the murders done by Timothy Brand. Jonathan Farrow
0%
Dexter S1E5 "Love American Style" None Killed by Dexter Morgan off-screen, body bag shown. Jorge Castillo
0%
Dexter S2E10 "There's Something About Harry" None Decapitated by Dexter Morgan with a surgical hand saw off-camera, blood and body parts shown. {Jose Garza}/{Christopher "Chris" Harlow}
0%
Dexter S2E4 "See-Through" None Killed by Dexter Morgan in an unknown manner off-screen, body shown. Joseph Cepeda
0%
Dexter S2E10 "There's Something About Harry" None Throat slashed by Dexter Morgan off-screen, body shown in a flashback. Juan Ryness
0%
Dexter S6E2 "Once Upon a Time..." None Throat slashed by Dexter Morgan with a straight razor. Julio Benes
0%
Dexter S2E6 "Dex, Lies, and Videotape" None Decapitated by Dexter Morgan with a meat cleaver off-camera for pretending to be him, body parts shown. Ken Olson
0%
Dexter S2E10 "There's Something About Harry" None Killed by Dexter Morgan in an unknown manner off-screen, shown in a slideshow. Kevin Mott
0%
Dexter S5E6 "Everything is Illumenated" None Strangled to death by Dexter Morgan with a plastic sheet off-camera, body shown, made to look like Dan Mendell killed him. Lance Robinson
0%
Dexter S2E10 "There's Something About Harry" None Killed by Dexter Morgan in an unknown manner off-screen, blood slide shown. Larry Costes
0%
Dexter S2E10 "There's Something About Harry" None Killed by Dexter Morgan in an unknown manner off-screen, shown in Maria LaGuerta's notes. Larry Mueller
0%
Dexter S2E10 "There's Something About Harry" None Killed by Dexter Morgan in an unknown manner off-screen, mugshot shown. Leandro Noriega
0%
Original Sin E6 "The Joy of Killing" Harrison "Harry" Morgan Stabbed in the chest by Dexter Morgan with a kitchen knife off-camera on the orders of Harrison "Harry" Morgan, blood splatter and body shown. Levi Reed
0%
Dexter S2E10 "There's Something About Harry" None Killed by Dexter Morgan in an unknown manner off-screen, shown in a slideshow. Luke Wellens
0%
Dexter S5E1 "My Bad" None Killed by Dexter Morgan in an unknown manner off-screen, body bags shown. Marcetti
0%
Dexter S2E4 "See-Through" None Killed by Dexter Morgan in an unknown manner off-screen, body shown. Marcus White
0%
Dexter S2E10 "There's Something About Harry" None Killed by Dexter Morgan in an unknown manner off-screen, blood slide shown. Marty Terison
0%
Dexter S7E5 "Swim Deep" None Killed by Dexter Morgan in an unknown manner off-screen, body shown in a picture. Marvin Madden
0%
Early Cuts None Decapitated by Dexter Morgan with a hacksaw. Max Lindquist
0%
Dexter S3E3 "The Lion Sleeps Tonight" X None Strangled to death by Dexter Morgan with a garrote. Nathan Marten
0%
Dexter S6E7 "Nebraska" X<✓ None Stabbed through the chest by Dexter Morgan with a pitchfork in self-defense. Norm
0%
Dexter S2E10 "There's Something About Harry" None Killed by Dexter Morgan in an unknown manner off-screen, shown in a slideshow. Olman Estavez
0%
Dexter S2E8 "Morning Comes" None Killed by Dexter Morgan in an unknown manner off-screen, mentioned. Orozco
0%
Dexter S2E10 "There's Something About Harry" None Killed by Dexter Morgan in an unknown manner off-screen, blood slide shown. Peter Matherson
0%
Early Cuts None Neck sawed through by Dexter Morgan with a circular saw. Peter Thornton
0%
Dexter S7E5 "Swim Deep" None Killed by Dexter Morgan in an unknown manner off-screen, body shown in a picture. Phillip Barnes
0%
Dexter S2E10 "There's Something About Harry" None Killed by Dexter Morgan in an unknown manner off-screen, shown in a slideshow. Rachel Rhodes
0%
Dexter S2E4 "See-Through" None Killed by Dexter Morgan in an unknown manner off-screen, body shown. Renzo Sandoval
0%
Dexter S2E10 "There's Something About Harry" None Killed by Dexter Morgan in an unknown manner off-screen, blood slide shown. Rick Cross
0%
Dexter S2E1 "It's Alive!" None Killed by Dexter Morgan in an unknown manner off-screen, body shown. Rick Jensen
0%
Dexter S2E4 "See-Through" None Killed by Dexter Morgan in an unknown manner off-screen, body shown. Robert Thatcher
0%
Dexter S2E10 "There's Something About Harry" None Killed by Dexter Morgan in an unknown manner off-screen, shown in a slideshow. Sean Dibberman
0%
Dexter S2E10 "There's Something About Harry" None Killed by Dexter Morgan in an unknown manner off-screen, shown on a blackboard. Shannon Reynolds
0%
Dexter S2E8 "Morning Comes" None Killed by Dexter Morgan in an unknown manner off-screen, mentioned. Smith
0%
Dexter S4E11 "Hello, Dexter Morgan" None Neck slashed by Dexter Morgan with a circular saw off-camera, blood and body bags shown, to frame him as the Trinity Killer. Stanley "Stan" Beaudry
0%
Dexter S5E11 "Hop a Freighter" X None Stabbed in the chest by Dexter Morgan with his own knife in self-defense. Stanley "Stan" Liddy
0%
Dexter S2E10 "There's Something About Harry" None Killed by Dexter Morgan in an unknown manner off-screen, mugshot shown. Thomas Hillstat
0%
Dexter S1E5 "Love American Style" None Carotid arteries sliced by Dexter Morgan with a knife off-screen, body shown. Valerie Castillo
0%
New Blood E8 "The Family Business" None Stabbed in the chest by Dexter Morgan with a knife, shown in a flashback. "{Wiggles the Clown}"
0%
Dexter S3E8 "The Damage a Man Can Do" Miguel Luis Prado Stabbed in the chest by Miguel Luis Prado with a knife, on the orders of Dexter Morgan. William "Billy" Fleeter
0%
No matching quizzes found
Score Distribution
Percent of People with Each Score
Percentile by Number Answered
Your Score History
You have not taken this quiz